Most popular sport by country - Statistics

General Stats
  • This quiz has been taken 141 times
  • The average score is 6 of 11
Answer Stats
Country Sport % Correct
India Cricket
96%
South Africa and basically the rest the fricking world Football
86%
USA American Football
68%
Canada Ice Hockey
61%
New Zealand Rugby
58%
Dominican Republic Baseball
54%
Japan Baseball
39%
China Table Tennis
39%
Australia Cricket
35%
Phillipines Basketball
29%
Mongolia Wrestling
16%
No matching quizzes found
Score Distribution
Percent of People with Each Score
Percentile by Number Answered
Your Score History
You have not taken this quiz